[Event "Gausdal Classics IM-B"]
[Site "Gausdal NOR"]
[Date "2005.04.20"]
[Round "8.3"]
[White "Bentsen, Oyvind"]
[Black "Jakubowski, Krzysztof"]
[Result "0-1"]
[WhiteElo "2185"]
[BlackElo "2479"]
[PlyCount "54"]
[EventDate "2005.04.14"]
[EventType "tourn"]
[EventRounds "9"]
[EventCountry "NOR"]
[EventCategory "2"]
[Source "lmi"]
[SourceDate "2005.04.22"]

1. e4 c5 2. Nf3 d6 3. d4 cxd4 4. Nxd4 Nf6 5. Nc3 a6 6. Bg5 e6 7. f4 Be7 8. Qf3
Qc7 9. O-O-O Nbd7 10. g4 O-O 11. Bxf6 Bxf6 12. g5 Bxd4 13. Rxd4 b5 14. Bg2 Rb8
15. Rhd1 b4 16. Ne2 Nc5 17. Kb1 Rb6 18. f5 e5 19. R4d2 a5 20. Ng3 a4 21. Nh5 a3
22. Qh3 Kh8 23. Bf3 Na4 24. Rd3 axb2 25. Nxg7 Nc3+ 26. Rxc3 Qxc3 27. Nh5 b3 0-1

[Event "Gausdal Classics IM-B"]
[Site "Gausdal NOR"]
[Date "2005.04.20"]
[Round "8.4"]
[White "Silseth, Simon"]
[Black "Schoelseth, Tor Kristian"]
[Result "1-0"]
[WhiteElo "2310"]
[BlackElo "2213"]
[PlyCount "65"]
[EventDate "2005.04.14"]
[EventType "tourn"]
[EventRounds "9"]
[EventCountry "NOR"]
[EventCategory "2"]
[Source "lmi"]
[SourceDate "2005.04.22"]

1. e4 c5 2. Nc3 Nc6 3. g3 g6 4. Bg2 Bg7 5. d3 d6 6. Be3 Rb8 7. Qd2 b5 8. f4 b4
9. Nd1 Qb6 10. Ne2 Nd4 11. h3 e6 12. O-O Ne7 13. Nc1 a5 14. c3 Nb5 15. Ne2 e5
16. fxe5 dxe5 17. Nf2 Qd6 18. Rac1 Be6 19. a4 bxa3 20. bxa3 Nc6 21. a4 Nc7 22.
Ng4 f5 23. exf5 gxf5 24. Nf2 Bd5 25. Bxd5 Nxd5 26. Ne4 fxe4 27. dxe4 Rb2 28.
Qxd5 Qxd5 29. exd5 Rxe2 30. dxc6 Rxe3 31. Rb1 Rf8 32. Rb8+ Ke7 33. Rfxf8 1-0

[Event "Gausdal Classics IM-B"]
[Site "Gausdal NOR"]
[Date "2005.04.20"]
[Round "8.5"]
[White "Saevareid, Ove"]
[Black "Hartvig, Ove W"]
[Result "1/2-1/2"]
[WhiteElo "2206"]
[BlackElo "2246"]
[PlyCount "50"]
[EventDate "2005.04.14"]
[EventType "tourn"]
[EventRounds "9"]
[EventCountry "NOR"]
[EventCategory "2"]
[Source "lmi"]
[SourceDate "2005.04.22"]

1. c4 e5 2. g3 Nc6 3. Bg2 g6 4. Nc3 Bg7 5. e4 d6 6. Nge2 f5 7. d3 Nf6 8. O-O
O-O 9. Nd5 Be6 10. Bg5 fxe4 11. dxe4 Qd7 12. f3 Rf7 13. Qd2 Bh3 14. Be3 Bxg2
15. Kxg2 Nd8 16. Nxf6+ Bxf6 17. Rfd1 Ne6 18. c5 Raf8 19. cxd6 c5 20. Nc3 Nd4
21. Bxd4 exd4 22. Nd5 Bg7 23. Rf1 Qxd6 24. Qd3 Qc6 25. Qc4 Kh8 1/2-1/2

[Event "Gausdal Classics IM-B"]
[Site "Gausdal NOR"]
[Date "2005.04.21"]
[Round "9.1"]
[White "Hartvig, Ove W"]
[Black "Niemi, Kalle"]
[Result "1/2-1/2"]
[WhiteElo "2246"]
[BlackElo "2247"]
[PlyCount "37"]
[EventDate "2005.04.14"]
[EventType "tourn"]
[EventRounds "9"]
[EventCountry "NOR"]
[EventCategory "2"]
[Source "lmi"]
[SourceDate "2005.04.22"]

1. e4 c5 2. Nf3 Nc6 3. d4 cxd4 4. Nxd4 Nf6 5. Nc3 e5 6. Ndb5 d6 7. Nd5 Nxd5 8.
exd5 Nb8 9. c4 a6 10. Nc3 Be7 11. Bd3 O-O 12. O-O f5 13. f3 Bg5 14. Bxg5 Qxg5
15. f4 exf4 16. Qd2 Nd7 17. Ne2 Ne5 18. Nxf4 Bd7 19. Rac1 1/2-1/2

[Event "Gausdal Classics IM-B"]
[Site "Gausdal NOR"]
[Date "2005.04.21"]
[Round "9.3"]
[White "Jakubowski, Krzysztof"]
[Black "Silseth, Simon"]
[Result "1/2-1/2"]
[WhiteElo "2479"]
[BlackElo "2310"]
[PlyCount "110"]
[EventDate "2005.04.14"]
[EventType "tourn"]
[EventRounds "9"]
[EventCountry "NOR"]
[EventCategory "2"]
[Source "lmi"]
[SourceDate "2005.04.22"]

1. d4 f5 2. g3 Nf6 3. Bg2 d6 4. Nf3 g6 5. O-O Bg7 6. b4 O-O 7. Bb2 a5 8. b5 d5
9. Nbd2 a4 10. c4 c6 11. Ba3 dxc4 12. Nxc4 cxb5 13. Nce5 Na6 14. Qb1 Qa5 15.
Bxe7 Re8 16. Bxf6 Bxf6 17. Re1 Be6 18. e4 Qb4 19. Qd3 Bxe5 20. Nxe5 Rad8 21. d5
fxe4 22. Rxe4 Qb2 23. Rb1 Qxa2 24. Re2 Rxd5 25. Bxd5 Qxd5 26. Rxb5 Qxd3 27.
Nxd3 Ra8 28. Rxe6 Nc7 29. Reb6 Nxb5 30. Rxb5 a3 31. Nb4 a2 32. Nxa2 Rxa2 33.
Rxb7 Rc2 34. Kg2 Ra2 35. h3 Rc2 36. g4 Ra2 37. Kg3 Ra3+ 38. f3 g5 39. Rb5 h6
40. Rf5 Kg7 41. h4 Kg6 42. h5+ Kg7 43. Kf2 Ra2+ 44. Ke3 Ra3+ 45. Ke4 Ra4+ 46.
Ke5 Ra5+ 47. Ke6 Ra6+ 48. Ke7 Ra7+ 49. Kd6 Ra6+ 50. Kd7 Ra7+ 51. Kc6 Ra6+ 52.
Kc7 Ra7+ 53. Kb6 Ra3 54. Kb5 Rb3+ 55. Kc4 Ra3 1/2-1/2

[Event "Gausdal Classics IM-B"]
[Site "Gausdal NOR"]
[Date "2005.04.21"]
[Round "9.4"]
[White "Arsenault, Nicolas"]
[Black "Bentsen, Oyvind"]
[Result "1/2-1/2"]
[WhiteElo "2159"]
[BlackElo "2185"]
[PlyCount "41"]
[EventDate "2005.04.14"]
[EventType "tourn"]
[EventRounds "9"]
[EventCountry "NOR"]
[EventCategory "2"]
[Source "lmi"]
[SourceDate "2005.04.22"]

1. e4 e5 2. Nf3 Nc6 3. Bb5 Nf6 4. O-O Nxe4 5. d4 Nd6 6. Bxc6 dxc6 7. dxe5 Nf5
8. Qxd8+ Kxd8 9. Nc3 h6 10. b3 Be6 11. Bb2 c5 12. h3 Kc8 13. Ne4 b6 14. c4 Kb7
15. Rfd1 Ne7 16. Ng3 Nc6 17. Nh5 g5 18. Nf6 Bg7 19. Nh5 Bf8 20. Nf6 Bg7 21. Nh5
1/2-1/2

[Event "Gausdal Classics IM-B"]
[Site "Gausdal NOR"]
[Date "2005.04.21"]
[Round "9.5"]
[White "Siebrecht, Sebastian"]
[Black "Loeffler, Stefan"]
[Result "1/2-1/2"]
[WhiteElo "2438"]
[BlackElo "2429"]
[PlyCount "51"]
[EventDate "2005.04.14"]
[EventType "tourn"]
[EventRounds "9"]
[EventCountry "NOR"]
[EventCategory "2"]
[Source "lmi"]
[SourceDate "2005.04.22"]

1. e4 e6 2. d4 d5 3. Nd2 dxe4 4. Nxe4 Nd7 5. Nf3 Ngf6 6. Bg5 Be7 7. Nxf6+ Bxf6
8. Qd2 O-O 9. Bd3 c5 10. Bxf6 Qxf6 11. O-O-O cxd4 12. Nxd4 Nc5 13. Nf3 b6 14.
Qe3 Bb7 15. Ne5 Rfd8 16. Rhg1 Rd5 17. f4 Rad8 18. Be2 Rxd1+ 19. Bxd1 Qh4 20.
Bf3 Bxf3 21. Nxf3 Qh5 22. Rd1 Rxd1+ 23. Kxd1 h6 24. Qd2 Qg4 25. h3 Qg3 26. Qd8+
1/2-1/2